Piggy Chapter 6 Hospital quiz - Statistics

General Stats
  • This quiz has been taken 43 times
  • The average score is 9 of 15
Answer Stats
Hint Answer % Correct
The bot Beary
100%
The friendly NPC Bunny
90%
Left you guys behind Mr. P
90%
Can the green card spawn next to the green water? Yes
84%
First chapter to not use keys but Keycards
74%
What you get by putting the vials White Key
74%
The first color of the 7 qa Green
65%
the person who fainted Player
65%
What you need to give to 2 qa Carrot
58%
Where in is the above answer Yellow
55%
The second color of the 7 qa Pink
42%
The ... Vial
35%
The skin that came out with first qa Skelly
32%
Where the upstairs ... is Green Room
10%
Where the downstairs ... is Blue Room
6%
No matching quizzes found
Score Distribution
Percent of People with Each Score
Percentile by Number Answered
Your Score History
You have not taken this quiz